000 00608nam a22001937a 4500
005 20171031120837.0
010 _aENG-121153
020 _a8123778465
_c380.00
035 _aEN-104685
037 _bDBAD/PUB
082 _a069.07454
100 _aChakrabarti, Mahua
245 _aMuseums of India /
_cby Mahua Chakrabarti
260 _aNew Delhi
_bNational Book Trust, India
_c2016
270 _aNehru Bhawan, 5 Industitutional Area, Phase=II
_bNew Delhi
_e110070
300 _ax,195p.
_c24cm(pbk)
_bill.
500 _aIncludes references and index
942 _2ddc
_cEN
_h069.07454
_mCHA
999 _c147021
_d147021